| 000 | 00454nam a2200133Ia 4500 | ||
|---|---|---|---|
| 008 | 200909s9999 xx 000 0 und d | ||
| 020 | _a978-981-48-7845-6 | ||
| 100 | _aCollier, David Alan | ||
| 245 |
_cDavid Alan Collier, James Evans, William Lindsay _aOperations management and total quality management/ |
||
| 260 |
_aQuezon City: _bREX Bookstore _c2020 |
||
| 300 |
_aiv, 697 pages _c25 cm. |
||
| 650 | _aManagement | ||
| 650 | _aTotal quality management | ||
| 999 |
_c364146 _d364146 |
||